00218nam a22000977a 4500008004100000082001100041245003600052260000900088300001000097440001300107180806b xxu||||| |||| 00| 0 eng d a813.52 aTransfusion Alternatives cNTSC c2004 a1fCD x00100144